000 00796nam a2200301 a 4500
003 AR-BaBNM
005 20251128203743.0
008 082120s2002 ||||||||||||||000 | spa||
040 _cAR-BaBNM
100 1 _aHailey, Arthur
245 0 0 _aClose up
_bhistorias para televisión
250 _a12ª ed.
260 _aBuenos Aires
_bEmecé
_c1971
300 _a255 p.
490 0 _aGrandes novelistas. La novela actual en el mundo
650 4 _aESCRITORES
650 4 _aLITERATURA ESTADOUNIDENSE
650 4 _aTELEVISION
650 4 _aTEATRO
650 4 _aGUIONES
650 4 _aLITERATURA EXTRANJERA
650 4 _aLITERATURA CONTEMPORANEA
655 _aLITERATURA
700 1 _aNaveiro, Jorge
_etraductor
700 1 _aPeña, Ignacio
_etraductor
942 _cBK
998 _cMARTIN
999 _c4801
_d4801